Historia de las ideas políticas / (Registro nro. 39620)
[ vista simple ]
| 000 -CABECERA | |
|---|---|
| campo de control de longitud fija | 00559nam a2200169 a 4500 |
| 001 - NÚMERO DE CONTROL | |
| campo de control | 000040130 |
| 005 - FECHA Y HORA DE LA ÚLTIMA TRANSACCIÓN | |
| campo de control | 20201002033933.0 |
| 008 - DATOS DE LONGITUD FIJA--INFORMACIÓN GENERAL | |
| campo de control de longitud fija | 130808s1966 mx 000 0 spa d |
| 040 ## - FUENTE DE LA CATALOGACIÓN | |
| Centro catalogador/agencia de origen | DO-SdBNP |
| Lengua de catalogación | spa |
| Centro/agencia transcriptor | BNPHU |
| 100 1# - ENTRADA PRINCIPAL--NOMBRE DE PERSONA | |
| Nombre de persona | Pokbovski, V. S, |
| 9 (RLIN) | 66395 |
| 240 10 - TÍTULO UNIFORME | |
| Título uniforme | Istoria politicheskij |
| Lenguaje de la obra | Español |
| 245 10 - MENCIÓN DE TÍTULO | |
| Título | Historia de las ideas políticas / |
| Mención de responsabilidad, etc. | V. S. pokbovski ; traductor Carlos Marín Sánchez. |
| 260 ## - PUBLICACIÓN, DISTRIBUCIÓN, ETC. | |
| Lugar de publicación, distribución, etc. | México : |
| Nombre del editor, distribuidor, etc. | Grijalbo, |
| Fecha de publicación, distribución, etc. | 1966. |
| 300 ## - DESCRIPCIÓN FÍSICA | |
| Extensión | 621 ; |
| Dimensiones | 22 cm. |
| 500 ## - NOTA GENERAL | |
| Nota general | Traducido del idioma ruso |
| 700 1# - PUNTO DE ACCESO ADICIONAL--NOMBRE DE PERSONA | |
| Nombre de persona | Marín Sánchez, Carlos, |
| Término indicativo de función/relación | trad. |
| 9 (RLIN) | 66396 |
| Estado de retiro | Estado de pérdida | Restricciones de uso | No para préstamo | Código de colección | Localización permanente | Ubicación/localización actual | Ubicación en estantería | Fecha de adquisición | Número de inventario | Total de préstamos | Signatura topográfica completa | Código de barras | Fecha visto por última vez | Precio válido a partir de | Tipo de ítem Koha |
|---|---|---|---|---|---|---|---|---|---|---|---|---|---|---|---|
| Monografías: Libros y Folletos | General | General | En catalogación | 08.08.2013 | LF1 | 40130-10 | 25.06.2020 | 25.06.2020 | Préstamo en sala |
